2025 Movies by Screenshot - Statistics

General Stats
  • This quiz has been taken 265 times
  • The average score is 13 of 16
Answer Stats
Picture Answer % Correct
Superman
96%
Zootopia 2
96%
Avatar: Fire and Ash
94%
Lilo & Stitch
92%
A Minecraft Movie
90%
How to Train Your Dragon
89%
The Fantastic Four: First Steps
88%
Jurassic World Rebirth
87%
KPop Demon Hunters
85%
Wicked: For Good
84%
Captain America: Brave New World
81%
F1
74%
Sinners
70%
Thunderbolts*
65%
Mission: Impossible - The Final Reckoning
64%
Elio
59%
No matching quizzes found
Score Distribution
Percent of People with Each Score
Percentile by Number Answered
Your Score History
You have not taken this quiz